000 00578nam a22001937a 4500
999 _c188915
_d188915
005 20220607151139.0
010 _aENG-133094
020 _c200.00
_a978-93-89113-20-4
035 _aEN-116626
037 _bDBAD/PUB
082 _a920
100 _aSarkar, Dilip Kumar
245 _aNobel Prize for Chemistry/
_cDilip Kumar Sarkar
250 _bKolkata
260 _c2018
_bPrincipal Dilip Kumar Sarkar
270 _aC4/2, Triparna, 39A Gobndo Auddy Road, Chetla
_bKolkata
_e700027
300 _a140p.
_c21cm(pbk)
_bindex
942 _2ddc
_cEN
_mSAR
_h920